| 000 | 00518nam a2200145 a 4500 | ||
|---|---|---|---|
| 008 | 120416s1977 ||||||||||||||||| || u | ||
| 050 | _aHG 179 Bai | ||
| 100 | _aBailard, Thomas E | ||
| 245 | 1 | 0 | _aPersonal money management |
| 260 |
_aChicago _bScience Research Associates _c1977 |
||
| 300 | _aix, 555p. : ill. | ||
| 350 | _a0.00 | ||
| 700 | _aKaiser, Ronald W | ||
| 995 |
_D0.00 _FCBU-MAIN LIBRARY (Kitwe) _H1 _I13.80 _M1 _UAVAILABLE _ZAnnex Low-Usage Collection |
||
| 999 |
_c53384 _d53384 |
||